000 nam a22 7a 4500
999 _c9531
_d9531
008 180201b ||||| |||| 00| 0 eng d
100 _aRaman
_95703
245 _aCyber kids part - I
260 _aNew Delhi
_bRachna Publication
_c2007